Score 0/7 Timer 06:00
0 Plays Today
Parents Kid % Correct
Mr and Mrs EarnshawCatherine Earnshaw
85.7%
Mr and Mrs EarnshawHindley Earnshaw
71.4%
Mr and Mrs LintonEdgar Linton
71.4%
Mr and Mrs LintonIsabella Linton
71.4%
Catherine Earnshaw and Edgar Linton Catherine Linton
71.4%
Isabella Linton and HeathcliffLinton Heathcliff
57.1%
Hindley Earnshaw and Frances EarnshawHareton Earnshaw
42.9%

You're not logged in!

Compare scores with friends on all Sporcle quizzes.
OR
Log In

Sporcle TV

Today on Sporcle TV


Watch our educational content, quiz creation guides, and fun videos on Sporcle TV.

Show Comments

Extras

Created Jul 12, 2019ReportNominate
Tags:height, kid, parent

Top Quizzes Today


Score Distribution

Paid Content

Your Account Isn't Verified!

In order to create a playlist on Sporcle, you need to verify the email address you used during registration. Go to your Sporcle Settings to finish the process.

Report this User

Report this user for behavior that violates our Community Guidelines.

Details: